000 00644nam a2200205Ii 4500
003 JO-AjNU
008 230605s9999||||xx |||||||||||||| ||und||
040 _aJO-AjNU
_bara
_erda
_cJO-AjNU
041 _aara
050 1 4 _aCT205.S2554.1987
100 3 _aالسامرائي، صباح اسماعيل,
_eauthor
_99276
245 0 0 _aامراض المشاهير وغرائبهم
250 _aط1
264 3 1 _aبغداد: المكتبة العالمية، 1987
300 _a184ص
336 _atext
_btxt
_2rdacontent
337 _aunmediated
_bn
_2rdamedia
338 _avolume
_bnc
_2rdacarrier
650 4 _aالمشاهير - تراجم
_99277
999 _aA1215
_c4783
_d4783